Sports Quiz

Random Sports or Basketball Quiz

NBA Champion Starters (2000s) Quiz Stats

 Plays Quiz Updated Jan 25, 2017

Support Sporcle.
Go Orange.
Score 0/50 Timer 06:00
16 Plays Today
Year and Team Player % Correct
2000 LakersKobe Bryant
99.6%
2009 LakersKobe Bryant
99.6%
2002 LakersKobe Bryant
99.6%
2001 LakersKobe Bryant
99.6%
2006 HeatShaquille O'Neal
97.8%
2002 LakersShaquille O'Neal
97.8%
2001 LakersShaquille O'Neal
97.8%
2000 LakersShaquille O'Neal
97.8%
2007 SpursTim Duncan
97.5%
2005 SpursTim Duncan
97.5%
2003 SpursTim Duncan
97.5%
2007 SpursTony Parker
96%
2005 SpursTony Parker
96%
2003 SpursTony Parker
96%
2008 CelticsKevin Garnett
95.2%
2008 CelticsPaul Pierce
95.1%
2006 HeatDwyane Wade
94.6%
2008 CelticsRay Allen
92%
2008 CelticsRajon Rondo
91.9%
2009 LakersPau Gasol
89.4%
2004 PistonsBen Wallace
87.4%
2004 PistonsRasheed Wallace
87.1%
2009 LakersDerek Fisher
85.7%
2002 LakersDerek Fisher
85.7%
2001 LakersDerek Fisher
85.7%
Year and Team Player % Correct
2004 PistonsChauncey Billups
85.2%
2005 SpursManu Ginobili
77.5%
2004 PistonsRichard Hamilton
76.5%
2008 CelticsKendrick Perkins
74.2%
2009 LakersAndrew Bynum
71.5%
2004 PistonsTayshaun Prince
68.2%
2003 SpursDavid Robinson
68.1%
2002 LakersRobert Horry
55.5%
2006 HeatUdonis Haslem
52.9%
2002 LakersRick Fox
50.2%
2001 LakersRick Fox
50.2%
2007 SpursBruce Bowen
46.9%
2005 SpursBruce Bowen
46.9%
2003 SpursBruce Bowen
46.9%
2006 HeatJason Williams
46%
2009 LakersTrevor Ariza
40.8%
2001 LakersHorace Grant
29%
2006 HeatAntoine Walker
27.7%
2000 LakersRon Harper
26.2%
2000 LakersA.C. Green
26.1%
2007 SpursMichael Finley
24.3%
2003 SpursStephen Jackson
23.1%
2000 LakersGlen Rice
19.5%
2007 SpursFabricio Oberto
19.5%
2005 SpursNazr Mohammed
15.9%

From the Vault

UK Pub Quiz: Let's Have Another Round

by SporcleEXP

There's always time for additional rounds ad infinitum.
Remove Ads.
Support Sporcle.
Get the best of Sporcle when you Go Orange. This ad-free experience offers more features, more stats, and more fun while also helping to support Sporcle. Thank you for becoming a member.

Show Comments

Extras

Top Quizzes Today


Score Distribution

Your Account Isn't Verified!

In order to create a playlist on Sporcle, you need to verify the email address you used during registration. Go to your Sporcle Settings to finish the process.

Report this User

Report this user for behavior that violates our Community Guidelines.

Details: